000
00258nam a2200109Ia 4500
008
230907s9999||||xx |||||||||||||| ||und||
082
_a
658.15
_b
SUL
245
0
_a
Engineering economy /
260
_a
Pearson,
_b
Noida :
_c
2011
300
_a
668 p.
942
_c
BK
999
_c
600266
_d
600266